Catálogo público

Efecto de la monensina y sebo sobre la fermentación ruminal y producción de metano en bovinos productores de leche / (Record no. 169437)

MARC details
000 -CABECERA
campo de control de longitud fija 01306nam a2200337Ia 4500
001 - NÚMERO DE CONTROL
campo de control Z_6196
003 - IDENTIFICADOR DEL NÚMERO DE CONTROL
campo de control CHAP
008 - DATOS DE LONGITUD FIJA--INFORMACIÓN GENERAL
campo de control de longitud fija 220113s2010 xx 000 0 und d
010 ## - NÚMERO DE CONTROL DE LA BIBLIOTECA DEL CONGRESO
Número de control de LC 169437
040 ## - FUENTE DE LA CATALOGACIÓN
Centro/agencia transcriptor CHAP
090 ## - LOCALMENTE ASIGNADO TIPO-LC NÚMERO DE CLASIFICACIÓN (OCLC); NÚMERO DE CLASIFICACIÓN LOCAL (RLIN)
Número de clasificación (OCLC) (R) ; Numero de clasificación, CALL (RLIN) (NR) Tesis R58 2188
100 ## - ENTRADA PRINCIPAL--NOMBRE DE PERSONA
Nombre de persona Rivas Martínez, Mayra Iliana
9 (RLIN) 97565
245 ## - MENCIÓN DE TÍTULO
Título Efecto de la monensina y sebo sobre la fermentación ruminal y producción de metano en bovinos productores de leche /
Mención de responsabilidad, etc. Mayra Iliana Rivas Martínez
260 ## - PUBLICACIÓN, DISTRIBUCIÓN, ETC.
Lugar de publicación, distribución, etc. Chihuahua, México :
Nombre del editor, distribuidor, etc. El autor,
Fecha de publicación, distribución, etc. 2010
300 ## - DESCRIPCIÓN FÍSICA
Extensión 51 h.
502 ## - NOTA DE TESIS
Nota de tesis Tesis ( Maestro en Ciencias ) -- Universidad Autónoma de Chihuahua, 2010 \ Dirección: David Domínguez Díaz; asesoría: Guillermo Villalobos Villalobos, Juan Angel Ortega Gutiérrez, Leonardo Carlos Valdez...[et. al.]
650 ## - PUNTO DE ACCESO ADICIONAL DE MATERIA--TÉRMINO DE MATERIA
Término de materia o nombre geográfico como elemento de entrada Agentes antimicrobianos
9 (RLIN) 144096
650 ## - PUNTO DE ACCESO ADICIONAL DE MATERIA--TÉRMINO DE MATERIA
Término de materia o nombre geográfico como elemento de entrada Bovinos de leche
9 (RLIN) 144097
650 ## - PUNTO DE ACCESO ADICIONAL DE MATERIA--TÉRMINO DE MATERIA
Término de materia o nombre geográfico como elemento de entrada Metabolismo Ruminal
9 (RLIN) 144098
650 ## - PUNTO DE ACCESO ADICIONAL DE MATERIA--TÉRMINO DE MATERIA
Término de materia o nombre geográfico como elemento de entrada Producción de metano
9 (RLIN) 144099
700 ## - PUNTO DE ACCESO ADICIONAL--NOMBRE DE PERSONA
Nombre de persona Ortega Gutiérrez, Juan Angel, asesor
9 (RLIN) 144100
700 ## - PUNTO DE ACCESO ADICIONAL--NOMBRE DE PERSONA
Nombre de persona Valdez, Leonardo Carlos, asesor
9 (RLIN) 144101
700 ## - PUNTO DE ACCESO ADICIONAL--NOMBRE DE PERSONA
Nombre de persona Villalobos Villalobos, Guillermo, asesor
9 (RLIN) 144102
700 ## - PUNTO DE ACCESO ADICIONAL--NOMBRE DE PERSONA
Nombre de persona Domínguez Díaz, David, director
9 (RLIN) 144103
901 ## - ELEMENTOS DE DATOS A LOCAL LDA (RLIN)
a TESIS R58 2188
902 ## - ELEMENTOS DE DATOS B LOCAL, LDB (RLIN)
a M
910 ## - DATOS DE OPCIÓN DEL USUARIO (OCLC)
Datos de opción del usuario 2010
942 ## - ELEMENTOS DE PUNTO DE ACCESO ADICIONAL (KOHA)
Tipo de ítem Koha Tesis_
942 ## - ELEMENTOS DE PUNTO DE ACCESO ADICIONAL (KOHA)
Tipo de ítem Koha Tesis_
Holdings
Estado de retiro Estado de pérdida Fuente del sistema de clasificación o colocación Estado dañado No para préstamo Código de colección Localización permanente Ubicación/localización actual Fecha de adquisición Fuente de adquisición Total de préstamos Signatura topográfica completa Código de barras Fecha visto por última vez Número de copia Precio válido a partir de Tipo de ítem Koha
    Clasificación Universidad Autónoma de Chapingo   Excluido de préstamo Tesis digitales de Maestría Zootecnia Zootecnia 22/06/2012 El autor   Tesis R58 2188 z_T 3806 18/01/2022 1 18/01/2022 CD